000 00666nam a22001935i 4500
001 48245
003 ES-MaACL
005 20230906161723.0
007 t|
008 950711s1895 po ||||1| fre d
040 _aCAM
_bspa
_cCAM
100 1 _aChoffat, Paul.
_938589
245 1 0 _aCoup d'oeil sur la géologie de la province d'Angola /
_cpar Paul Choffat.
260 _aLisbonne :
_b[s.n.],
_c1895 (
_fImprimerie de l'Academie Royale des Sciences)
300 _a8 p. ;
_c25 cm.
500 _aExtrait des Communicacoes da Direccao dos Trabalhos Geologicos, Tom. III, Fasc. I, pp. 84-91.
651 4 _aAngola-
_xGeología.
_97782
852 _aES-MaACL
_jT-1109-F-9
999 _c48245
_d48245